L'individualisme et le droit.
Uloženo v:
| Hlavní autor: | |
|---|---|
| Médium: | Kniha |
| Jazyk: | francouzština |
| Vydáno: |
Paris, France:
Éditions Domat Montchrestien,
1949.
|
| Vydání: | Deuxieme edition. |
| Témata: | |
| Tagy: |
Přidat tag
Žádné tagy, Buďte první, kdo vytvoří štítek k tomuto záznamu!
|
MARC
| LEADER | 00000nam a2200000 a 4500 | ||
|---|---|---|---|
| 001 | UCS8788 | ||
| 003 | CL-VaPUC | ||
| 005 | 20220822114333.0 | ||
| 008 | 971107e19490000FR |||||||||||||||||fre|d | ||
| 999 | |c 262997 |d 262995 | ||
| 040 | |c Pontificia Universidad Católica de Valparaíso | ||
| 082 | 0 | 4 | |a 340.1 WAL1949 |2 21 |
| 100 | 0 | |a Waline, Marcel |e author |9 393597 | |
| 245 | 1 | 3 | |a L'individualisme et le droit. |
| 250 | |a Deuxieme edition. | ||
| 260 | |a Paris, France: |b Éditions Domat Montchrestien, |c 1949. | ||
| 300 | |a 436 páginas. | ||
| 500 | |a c.2 Donación Familia Prof. Alejandro Guzmán Brito. | ||
| 583 | |a last modification |c 20160826 09:48:21 |k Rodrigo Vera | ||
| 650 | 0 | |a Filosofía del derecho |9 255050 | |
| 650 | 0 | |a Historia del derecho |2 CL-VaPUC |9 255109 |y Siglo 18 | |
| 650 | 0 | |a Fuentes del derecho |9 255162 | |
| 650 | 0 | |a Sociología del derecho |9 254890 | |
| 651 | 0 | |a Francia |9 255157 | |
| 942 | |c BK |2 ddc |n 0 | ||
| 945 | |d 19971107 00:00:00 |a aolguin | ||
| 952 | |0 0 |1 0 |4 0 |6 340_100000000000000_WAL_1949 |7 0 |8 DER_TF |9 292073 |a BIBDER |b BIBDER |d 2019-11-19 |i 1897020 |o 340.1 WAL 1949 |p 1897020 |r 2023-01-25 |w 2019-11-19 |x Ubicación 4to Piso |y BK |z Estos recursos deben solicitarse con anticipación |k DER | ||